[Event "74th Tata Steel GMC"]
[Site "Wijk aan Zee NED"]
[Date "2012.01.15"]
[Round "2"]
[White "Grover,S"]
[Black "Paehtz,E"]
[Result "1-0"]
[WhiteElo "2532"]
[BlackElo "2454"]
[EventDate "2012.01.14"]

1. d4 d5 2. c4 c6 3. Nf3 Nf6 4. Nc3 dxc4 5. a4 Bf5 6. Ne5 Nbd7 7. Nxc4 Nb6
8. Ne5 a5 9. e3 g6 10. Bd3 Bxd3 11. Nxd3 Bg7 12. Qb3 O-O 13. Bd2 Nfd7 14.
O-O e6 15. Rfd1 Qe7 16. Be1 Rfb8 17. Ne2 Nc8 18. e4 Nd6 19. f3 b5 20. Rac1
Nc4 21. Bf2 Bh6 22. Rc3 Ndb6 23. Nc5 Nd6 24. Qc2 bxa4 25. Nd3 Qe8 26. Ne5
Rc8 27. d5 Bg7 28. Bxb6 Bxe5 29. Rxc6 exd5 30. exd5 Rxc6 31. dxc6 Rc8 32.
Nd4 Bxd4+ 33. Bxd4 Rxc6 34. Qxa4 Qe2 35. Bc3 f6 36. Qb3+ Kg7 37. Qd5 Qc4
38. Qxa5 Nb5 39. Be1 Rc7 40. Qd2 Qb3 41. Rc1 Rxc1 42. Qxc1 g5 43. Qd2 Qe6
44. Bf2 Qf5 45. b4 h5 46. Bc5 Nc7 47. Qe1 Nd5 48. Qe4 Qxe4 49. fxe4 Nc3 50.
Kf2 Nxe4+ 51. Ke3 Nc3 52. Kd4 Nb5+ 53. Kd5 Kg6 54. Kc6 Na3 55. b5 Nxb5 56.
Kxb5 Kf5 57. Kc4 Ke4 58. Be7 1-0

[Event "74th Tata Steel GMC"]
[Site "Wijk aan Zee NED"]
[Date "2012.01.15"]
[Round "2"]
[White "Schut,L"]
[Black "Danielian,E"]
[Result "1/2-1/2"]
[WhiteElo "2290"]
[BlackElo "2490"]
[EventDate "2012.01.14"]

1. e4 c5 2. Nf3 e6 3. d4 cxd4 4. Nxd4 a6 5. c4 Nf6 6. Nc3 Bb4 7. Qd3 Nc6 8.
Nxc6 dxc6 9. e5 Qxd3 10. Bxd3 Nd7 11. f4 f6 12. exf6 Nxf6 13. Bd2 O-O 14.
O-O-O e5 15. fxe5 Ng4 16. Ne4 a5 17. Bxb4 axb4 18. Rhf1 Nxe5 19. Rxf8+ Kxf8
20. Bb1 Be6 21. b3 Ke7 22. Re1 Ra5 23. Ng3 g6 24. Kd2 b6 25. h4 Nf7 26. Re3
Re5 27. h5 gxh5 28. Rxe5 Nxe5 29. Nxh5 h6 30. Ke3 Bf7 31. Ng3 Kf6 32. Ne4+
Ke6 33. Nf2 c5 34. g3 Kd6 35. Ne4+ Ke7 36. Nf2 Ke6 37. Be4 Kf6 38. Kf4 Ng6+
39. Kf3 h5 40. Bb1 Be8 41. Be4 Nf8 42. Bd5 Bg6 43. Be4 Bf7 44. Nd3 Ne6 45.
Nf4 Nd4+ 46. Ke3 Kg5 47. Ne2 Nf5+ 48. Kf3 Nd6 49. Bd3 Be8 50. Nf4 Bc6+ 51.
Ke3 Kg4 52. Be2+ Kxg3 53. Nxh5+ Kg2 54. Bd3 Kh3 55. Nf6 Kg3 56. Be4 Nxe4
57. Nxe4+ Kg4 58. Nd6 Kg5 59. Nc8 Kf6 60. Nxb6 Ke5 61. Na4 Kd6 62. Nb2 Be8
63. Nd3 Bg6 64. Nf2 Ke5 65. Ng4+ Ke6 66. Kf4 Bb1 67. Nf2 Bxa2 68. Ne4 Bb1
69. Nxc5+ Kd6 70. Ne4+ Kc6 71. Nd2 Bc2 72. Kf3 Kc5 73. Ke3 Bxb3 74. Nxb3+
Kxc4 75. Nd2+ 1/2-1/2

[Event "74th Tata Steel GMC"]
[Site "Wijk aan Zee NED"]
[Date "2012.01.15"]
[Round "2"]
[White "Haast,A"]
[Black "Goudriaan,E"]
[Result "1/2-1/2"]
[WhiteElo "2290"]
[BlackElo "2279"]
[EventDate "2012.01.14"]

1. e4 c5 2. Nf3 d6 3. d4 cxd4 4. Nxd4 Nf6 5. Nc3 a6 6. Be3 e6 7. g4 e5 8.
Nf5 h5 9. g5 Nxe4 10. Nxg7+ Bxg7 11. Nxe4 d5 12. Ng3 e4 13. c3 Nc6 14. Be2
Be5 15. Bxh5 d4 16. cxd4 Nxd4 17. O-O Be6 18. Re1 Qd5 19. Bxd4 Bxd4 20.
Rxe4 O-O-O 21. Qc2+ Kb8 22. Rd1 Qxg5 23. Rexd4 Rxd4 24. Rxd4 Rxh5 25. b3
Rh8 26. Qd2 Qe7 27. Qf4+ Ka8 28. Qd6 Qg5 29. Qf4 Qa5 30. Qd2 Qc7 31. h4 Bc8
32. Rc4 Qb8 33. Qf4 Qa7 34. Qd4 Qxd4 35. Rxd4 Be6 36. Kg2 b5 37. h5 Kb7 38.
Kf3 Kc6 39. Rh4 a5 40. Kf4 f6 41. Nf5 Kc5 42. h6 Rh7 43. f3 a4 1/2-1/2

[Event "74th Tata Steel GMC"]
[Site "Wijk aan Zee NED"]
[Date "2012.01.15"]
[Round "2"]
[White "Sadler,M"]
[Black "Sachdev,T"]
[Result "1/2-1/2"]
[WhiteElo "2660"]
[BlackElo "2411"]
[EventDate "2012.01.14"]

1. e4 e5 2. Nf3 Nc6 3. d4 exd4 4. Nxd4 Bc5 5. Nxc6 Qf6 6. Qf3 bxc6 7. Nd2
d6 8. Nb3 Bb6 9. Bd2 Qxf3 10. gxf3 Ne7 11. a4 a5 12. Rg1 Ng6 13. Be3 Bxe3
14. fxe3 O-O 15. Nd4 Bd7 16. Rg3 d5 17. Nb3 dxe4 18. Nc5 Bf5 19. fxe4 Bc8
20. O-O-O Ne5 21. Rd4 Be6 22. Be2 Rfe8 23. c3 Re7 24. b4 h6 25. Rg1 g5 26.
Kb2 Ree8 27. Ka3 g4 28. Rgd1 h5 29. bxa5 Rxa5 30. Rd8 Kf8 31. Rxe8+ Kxe8
32. Na6 Bc4 33. Nxc7+ Ke7 34. Bxc4 Nxc4+ 35. Kb3 Nxe3 36. Re1 Ng2 37. Rg1
Nh4 38. h3 Nf3 39. Rg3 Nd2+ 40. Kb4 Ra7 41. hxg4 hxg4 42. Nb5 cxb5 43. axb5
Nxe4 44. Rxg4 Nd6 45. c4 Ra1 46. Kc5 Rc1 47. Rd4 Rxc4+ 48. Rxc4 Nxc4 49.
Kxc4 Kd6 50. Kd4 f5 51. b6 Kc6 52. Ke5 Kxb6 53. Kxf5 1/2-1/2

[Event "74th Tata Steel GMC"]
[Site "Wijk aan Zee NED"]
[Date "2012.01.15"]
[Round "2"]
[White "Hopman,P"]
[Black "Turov,M"]
[Result "0-1"]
[WhiteElo "2342"]
[BlackElo "2645"]
[EventDate "2012.01.14"]

1. d4 Nf6 2. c4 c5 3. d5 b5 4. Nf3 bxc4 5. Nc3 d6 6. Nd2 g6 7. e4 Bg7 8.
Be2 O-O 9. O-O Nfd7 10. Nxc4 Nb6 11. Ne3 Ba6 12. a4 Qc8 13. Bb5 Bxb5 14.
axb5 a6 15. Qe2 axb5 16. Rxa8 Nxa8 17. Qxb5 Nc7 18. Qe2 Qa6 19. Qg4 Nb5 20.
Ne2 Qa4 21. Ng3 Nd4 22. Qh4 Bf6 23. Qh6 Nb3 24. Ng4 Bg7 25. Qg5 Nxc1 26.
Rxc1 Re8 27. Nh6+ Bxh6 28. Qxh6 Qd4 29. Rc3 Nd7 30. h3 Ra8 31. Qc1 Ne5 32.
Qc2 Ra1+ 33. Kh2 h5 34. Qe2 Qd1 35. Qxd1 Rxd1 36. f4 Nd3 37. e5 Nxf4 38.
exd6 exd6 39. Ne4 Nxd5 40. Ra3 Nf4 41. Ra8+ Kg7 42. Rd8 d5 0-1

[Event "74th Tata Steel GMC"]
[Site "Wijk aan Zee NED"]
[Date "2012.01.15"]
[Round "2"]
[White "Ootes,La"]
[Black "Adhiban,Baskaran"]
[Result "1/2-1/2"]
[WhiteElo "2326"]
[BlackElo "2561"]
[EventDate "2012.01.14"]

1. e4 c5 2. Nf3 d6 3. d4 cxd4 4. Nxd4 Nf6 5. Nc3 a6 6. Bg5 e6 7. f4 h6 8.
Bh4 Qb6 9. a3 Be7 10. Bf2 Qc7 11. Qf3 Nbd7 12. O-O-O b5 13. g4 g5 14. Bg2
Rb8 15. h4 gxf4 16. g5 Ne5 17. Qxf4 Nfg4 18. Kb1 b4 19. axb4 Nxf2 20. Qxf2
Rxb4 21. Nb3 a5 22. Rd4 Qb6 23. Rf1 hxg5 24. hxg5 Bxg5 25. Na4 Qc6 26. Rxb4
axb4 27. Qa7 Bd8 28. Qb8 Ba6 29. Rd1 Qxa4 30. Nc5 Qc6 31. Rxd6 Qc7 32. Qxc7
Bxc7 33. Rxa6 Rh2 34. Ra8+ Ke7 35. Rg8 Bb6 36. Nb3 Be3 37. Ka2 Kf6 38. Na5
Ng6 39. Bf1 Rxc2 40. Rb8 Rf2 41. Ba6 Rf4 42. Bd3 Ne5 43. Bb1 Bc5 44. Rc8
Be7 45. Nc6 Rf3 46. Nxe5 b3+ 47. Ka1 Kxe5 48. Rc3 Rxc3 49. bxc3 Ba3 50. Bd3
Kf4 51. Kb1 Ke3 52. Bc4 b2 53. Kc2 Kxe4 54. Ba2 Ke3 55. Bb3 Ke4 56. Ba2 Ke3
57. Bb3 Kf4 58. Ba2 Ke4 59. Bc4 Ke5 60. Ba2 Ke4 61. Bc4 Ke3 1/2-1/2

[Event "74th Tata Steel GMC"]
[Site "Wijk aan Zee NED"]
[Date "2012.01.15"]
[Round "2"]
[White "Tikkanen,H"]
[Black "Brandenburg,D"]
[Result "1/2-1/2"]
[WhiteElo "2549"]
[BlackElo "2527"]
[EventDate "2012.01.14"]

1. c4 e5 2. g3 Nf6 3. Bg2 d5 4. cxd5 Nxd5 5. Nc3 Nb6 6. Nf3 Nc6 7. O-O Be7
8. a3 O-O 9. b4 Be6 10. Rb1 f6 11. d3 a5 12. b5 Nd4 13. Nd2 Qc8 14. e3 Nf5
15. Qc2 Rd8 16. Bb2 Nh6 17. Rfc1 Nf7 18. Ne2 Qd7 19. Nf1 Bf5 20. e4 Be6 21.
Ne3 Rac8 22. Nc4 Qxd3 23. Qxd3 Rxd3 24. Nxa5 Nd8 25. Bf1 Rd7 26. Rc2 Ra8
27. Bc3 Bxa3 28. Be1 Bd6 29. Nc1 Nc8 30. Nc4 Be7 31. Ne3 Ra4 32. f3 b6 33.
Bf2 Bc5 34. Ne2 Kf8 35. Nc3 Ra3 36. Nc4 Bxf2+ 37. Kxf2 Ra7 38. Ne3 Ne7 39.
Rbb2 Nb7 40. Na2 Nc5 41. Nb4 Rd4 42. Na6 Nxa6 43. bxa6 Ke8 44. Rc1 Nc8 45.
Ke1 Kd8 46. Nc2 Rd6 47. Nb4 Ne7 48. Kf2 Ra8 49. f4 Bc8 50. fxe5 fxe5 51.
Ra1 Nc6 52. Nxc6+ Rxc6 53. Rb5 Rf6+ 54. Ke3 c5 55. Rb2 Kc7 56. Bc4 Ra7 57.
Rd1 Bg4 58. Rd5 Rf3+ 59. Kd2 Rf2+ 60. Kc1 Rxb2 61. Kxb2 Bc8 62. Rxe5 Kd6
63. Rd5+ Kc6 64. e5 Bxa6 65. Rd6+ Kc7 66. Bg8 Ra8 67. Bxh7 Rh8 68. Bf5
Rxh2+ 69. Kc3 Rf2 70. Rd7+ Kc8 71. Rf7+ Kd8 72. e6 Bb5 73. Bd3 Rxf7 74.
exf7 Ke7 75. Bxb5 Kxf7 76. Kd3 Kf6 77. Ke4 Kg5 78. Be2 c4 79. Kf3 b5 80. g4
Kf6 81. Kf4 Ke6 82. g5 Kd5 83. Kf5 b4 84. Kg6 b3 85. Bd1 Kc5 86. Kxg7 Kb4
87. g6 c3 88. Bxb3 Kxb3 89. Kf7 c2 90. g7 c1=Q 91. g8=Q Qc4+ 92. Kg7 Qxg8+
93. Kxg8 1/2-1/2